Flora of Java : (Record no. 14594)
[ view plain ]
| 000 -LEADER | |
|---|---|
| fixed length control field | 00964cam a22002651 4500 |
| 001 - CONTROL NUMBER | |
| control field | 14594 |
| 003 - CONTROL NUMBER IDENTIFIER | |
| rucl marc code | BD-RjUL |
| 005 - DATE AND TIME OF LATEST TRANSACTION | |
| control field | 20211208235645.0 |
| 008 - FIXED-LENGTH DATA ELEMENTS--GENERAL INFORMATION | |
| fixed length control field | 140206s1963 ne ac b 001 0 eng d |
| 035 ## - SYSTEM CONTROL NUMBER | |
| System control number | (BD-RjUL)14647 |
| 040 ## - CATALOGING SOURCE | |
| Original cataloging agency | DLC/ICU |
| Transcribing agency | ICU |
| Modifying agency | DLC |
| -- | BD-RjUL |
| Language of cataloging | eng |
| 041 ## - LANGUAGE CODE | |
| Language code of text/sound track or separate title | eng |
| 082 00 - DEWEY DECIMAL CLASSIFICATION NUMBER | |
| Classification number | 582.09922 |
| Author mark and year | BAF 1963 |
| 100 1# - MAIN ENTRY--PERSONAL NAME | |
| Personal name | Backer, C. A. |
| Fuller form of name | (Cornelis Andries), |
| Dates associated with a name | 1874- |
| 9 (RLIN) | 45490 |
| 245 10 - TITLE STATEMENT | |
| Title | Flora of Java : |
| Remainder of title | (Spermatophytes only) / |
| Statement of responsibility, etc. | by C.A. Backer and R.C. Bakhuizen van den Brink, Jr. |
| Number of part/section of a work | Vol 1 |
| Name of part/section of a work | Gymnospermae, Families 1-7 |
| 260 ## - PUBLICATION, DISTRIBUTION, ETC. (IMPRINT) | |
| Place of publication, distribution, etc. | Groningen : |
| Name of publisher, distributor, etc. | P. Noordhoff, |
| Date of publication, distribution, etc. | 1963 |
| 300 ## - PHYSICAL DESCRIPTION | |
| Pagination | xxiii,648p. : |
| Illustrations | illus., port. ; |
| Size | 26 cm. |
| 500 ## - GENERAL NOTE | |
| General note | Stamped on t.p. of v. 1: Stechert-Hafner Service Agency, New York. |
| 504 ## - BIBLIOGRAPHY, ETC. NOTE | |
| Bibliography, etc | Includes bibliographies and Index |
| 650 #0 - SUBJECT ADDED ENTRY--TOPICAL TERM | |
| Topical term or geographic name as entry element | Plants |
| Geographic subdivision | Indonesia |
| -- | Java. |
| 9 (RLIN) | 45491 |
| 700 1# - ADDED ENTRY--PERSONAL NAME | |
| Personal name | Bakhuizen van den Brink, Reinier Cornelis, |
| Relator term | joint ed. |
| 942 ## - ADDED ENTRY ELEMENTS (KOHA) | |
| Source of classification or shelving scheme | Dewey Decimal Classification |
| Koha item type | Books |
| Lost status | Source of classification or shelving scheme | Materials specified (bound volume or other part) | Damaged status | Not for loan | Collection code | Permanent Location | Current Location | Shelving location | Date acquired | Source of acquisition | Cost, normal purchase price | Total Checkouts | Full call number | Date last seen | Copy number | Koha item type |
|---|---|---|---|---|---|---|---|---|---|---|---|---|---|---|---|---|
| Dewey Decimal Classification | V-1 | Not For Loan | Non-fiction | Central Library, University of Rajshahi | Central Library, University of Rajshahi | Reading Room | 11/10/1965 | Zeithenger | 134.00 | 582.09922 BAF 1963 | 06/02/2014 | C-1 | Books |